北海道のアメダス - Statistics

General Stats
  • This quiz has been taken 59 times
  • The average score is 106 of 226
Answer Stats
地点 市町村 % Correct
稚内 稚内市
100%
豊富 豊富町
93%
宗谷岬 稚内市
90%
幌延 幌延町
90%
天塩 天塩町
86%
羽幌 羽幌町
83%
礼文 礼文町
81%
遠別 遠別町
81%
浜頓別 浜頓別町
81%
中頓別 中頓別町
81%
留萌 留萌市
81%
初山別 初山別村
79%
中川 中川町
79%
音威子府 音威子府村
79%
増毛 増毛町
79%
北見 北見市
79%
平取町
79%
美深 美深町
76%
幌加内 幌加内町
76%
美瑛 美瑛町
76%
上川 上川町
76%
富良野 富良野市
76%
占冠 占冠村
76%
下川 下川町
74%
比布 比布町
74%
旭川 旭川市
74%
興部 興部町
74%
根室 根室市
74%
石狩 石狩市
74%
夕張 夕張市
74%
苫小牧 苫小牧市
74%
江差 江差町
74%
名寄 名寄市
71%
士別 士別市
71%
剣淵 剣淵町
71%
和寒 和寒町
71%
東神楽 東神楽町
71%
遠軽 遠軽町
71%
釧路 釧路市
71%
本別 本別町
71%
上士幌 上士幌町
71%
浦幌 浦幌町
71%
札幌 札幌市
71%
千歳 千歳市
71%
芦別 芦別市
71%
東川 東川町
69%
上富良野 上富良野町
69%
斜里 斜里町
69%
弟子屈 弟子屈町
69%
羅臼 羅臼町
69%
標茶 標茶町
69%
中標津 中標津町
69%
標津 標津町
69%
紋別 紋別市
69%
帯広 帯広市
69%
新得 新得町
69%
美唄 美唄市
69%
滝川 滝川市
69%
登別 登別市
69%
伊達 伊達市
69%
函館 函館市
69%
鵡川 むかわ町
69%
日高 日高町
69%
佐呂間 佐呂間町
67%
足寄 足寄町
67%
西興部 西興部村
67%
鹿追 鹿追町
67%
芽室 芽室町
67%
江別 江別市
67%
月形 月形町
67%
岩見沢 岩見沢市
67%
余市 余市町
67%
倶知安 倶知安町
67%
ニセコ ニセコ町
67%
蘭越 蘭越町
67%
赤平 赤平市
67%
秩父別 秩父別町
67%
深川 深川市
67%
室蘭 室蘭市
67%
長万部 長万部町
67%
網走 網走市
64%
女満別 大空町
64%
小清水 小清水町
64%
津別 津別町
64%
白糠 白糠町
64%
雄武 雄武町
64%
池田 池田町
64%
大樹 大樹町
64%
小樽 小樽市
64%
新篠津 新篠津村
64%
赤井川 赤井川村
64%
真狩 真狩村
64%
寿都 寿都村
64%
黒松内 黒松内町
64%
白老 白老町
64%
森町
64%
八雲 八雲町
64%
厚真 厚真町
64%
奥尻 奥尻町
64%
浦河 浦河町
64%
鶴居 鶴居村
62%
湧別 湧別町
62%
陸別 陸別町
62%
滝上 滝上町
62%
更別 更別村
62%
共和 共和町
62%
浦臼 浦臼町
62%
雨竜 雨竜町
62%
木古内 木古内町
62%
せたな せたな町
62%
安平 安平町
62%
美幌 美幌町
60%
広尾 広尾町
60%
長沼 長沼町
60%
喜茂別 喜茂別町
60%
神恵内 神恵内村
60%
北斗 北斗市
60%
知内 知内町
60%
松前 松前町
60%
留辺蘂 北見市
57%
今金 今金町
57%
歌登 枝幸町
55%
阿寒 釧路市
55%
別海 別海町
55%
朱鞠内 幌加内町
52%
納沙布 根室市
52%
石狩沼田 沼田町
52%
えりも岬 えりも町
52%
白滝 遠軽町
50%
浜鬼志別 猿払村
45%
焼尻 羽幌町
45%
静内 新ひだか町
45%
声問 稚内市
43%
沼川 稚内市
43%
北見枝幸 枝幸町
43%
常呂 北見市
43%
生田原 遠軽町
43%
厚床 根室市
43%
幌糠 留萌市
40%
朝日 士別市
40%
川湯 弟子屈町
40%
丸瀬布 遠軽町
38%
厚田 石狩市
38%
大沼 七飯町
38%
沓形 利尻町
36%
層雲峡 上川町
36%
東藻琴 大空町
36%
江丹別 旭川市
33%
金山 南富良野町
33%
浜益 石狩市
33%
穂別 むかわ町
33%
三石 新ひだか町
33%
大滝 伊達市
31%
幾寅 南富良野町
29%
宇登呂 斜里町
26%
栗沢 栗山町
26%
熊石 八雲町
26%
古丹別 遠別町
24%
大津 豊頃町
24%
美国 積丹町
24%
洞爺湖温泉 洞爺湖町
21%
厚沢部町
21%
達布 小平町
19%
三股 上士幌町
19%
手稲山 札幌市
19%
支笏湖畔 千歳市
19%
千軒 福島町
19%
白金 美瑛町
17%
上標津 中標津町
17%
塘路 標茶町
17%
太田 厚岸町
17%
小金湯 札幌市
17%
恵庭島松 恵庭市
17%
カルルス 登別市
17%
日高門別 日高町
17%
小利別 陸別町
14%
紋別小向 紋別市
14%
ぬかびら源泉郷 上士幌町
14%
駒場 音更町
14%
帯広泉 帯広市
14%
上札内 中札内村
14%
志比内 東神楽町
12%
阿寒湖畔 釧路市
12%
津別二又 津別町
12%
中徹別 釧路市
12%
山口 札幌市
12%
鹿島 夕張市
12%
新城 芦別市
12%
大岸 豊浦町
12%
高松 函館市
12%
本泊 利尻富士町
10%
西風連 名寄市
10%
瑞穂 旭川市
10%
麓郷 富良野市
10%
根室中標津 中標津町
10%
上螺湾 足寄町
10%
置戸常元 置戸町
10%
知方学 釧路町
10%
川汲 函館市
10%
戸井泊 函館市
10%
潮見 乙部町
10%
小車 美深町
7%
鶴丘 釧路市
7%
留真 浦幌町
7%
榊町 浜中町
7%
糠内 幕別町
7%
沼の沢 夕張市
7%
森野 白老町
7%
目黒 えりも町
7%
仁頃山 北見市
5%
糸櫛別 標津町
5%
上藻別 紋別市
5%
二俣 釧路市
5%
茶内原野 浜中町
5%
空知吉野 新十津川町
5%
石崎 上ノ国町
5%
新和 新冠町
5%
米岡 奥尻町
5%
仁世宇 平取町
5%
中杵臼 浦河町
5%
山園 大空町
2%
境野 置戸町
2%
柏倉 足寄町
2%
押帯 本別町
2%
笹山 新ひだか町
2%
幌満 様似町
2%
No matching quizzes found
Score Distribution
Percent of People with Each Score
Percentile by Number Answered
Your Score History
You have not taken this quiz